[Event "RUS-chT Seniors final"]
[Site "Sochi"]
[Date "2019.05.08"]
[Round "7.1"]
[White "Sveshnikov, Evgeny"]
[Black "Lisenko, Alexander V"]
[Result "1/2-1/2"]
[WhiteElo "2488"]
[BlackElo "2322"]
[PlyCount "80"]
[EventDate "2019.05.01"]
[EventType "team-tourn"]
[EventRounds "9"]
[EventCountry "RUS"]
[SourceTitle "CBM 190 Extra"]
[Source "ChessBase"]
[SourceDate "2019.07.15"]
[SourceVersion "1"]
[SourceVersionDate "2019.07.15"]
[SourceQuality "1"]
[WhiteTeam "Cheliabinsk Yuzhnyy Ural"]
[BlackTeam "Sochi Pearl"]
[WhiteTeamCountry "RUS"]
[BlackTeamCountry "RUS"]

1. e4 c5 2. Nf3 Nc6 3. Bb5 Nf6 4. Nc3 g6 5. e5 Ng4 6. Bxc6 dxc6 7. h3 Nh6 8. g4 Bg7 9. d3 f5 10. Bxh6 Bxh6 11. g5 Bg7 12. Qd2 Be6 13. Qe3 Qa5 14. Nd2 Qb4 15. 0-0-0 Qd4 16. Qxd4 cxd4 17. Ne2 Bd5 18. Rhe1 Bxe5 19. f4 Bg7 20. Nc4 Bxc4 21. dxc4 0-0-0 22. Ng1 Rd7 23. Nf3 Rhd8 24. Ne5 Bxe5 25. Rxe5 d3 26. Rxd3 Rxd3 27. cxd3 Rxd3 28. Rxe7 Rxh3 29. Kd2 Rf3 30. Rxh7 Rxf4 31. Rg7 Rxc4 32. Rxg6 Rg4 33. Rg7 a5 34. g6 Rg3 35. a4 f4 36. Ke2 Kb8 37. Kd2 Ka7 38. Ke2 Kb6 39. Kf2 Ka7 40. Ke2 Kb6 1/2-1/2